[Event "2. Bundesliga Ost 2018/2019"]
[Site "alle Wien"]
[Date "2018.11.04"]
[Round "4"]
[Board "2"]
[White "Mikes, Jan"]
[Black "Lipka, Juraj"]
[Result "1-0"]
[WhiteElo "2307"]
[BlackElo "2426"]
[PlyCount "77"]
[EventDate "2018.10.06"]
[EventType "team"]
[EventRounds "11"]
[EventCountry "AUT"]
[WhiteTeam "SG Mistelbach/Altlichtenwarth"]
[BlackTeam "ASVOE Pamhagen"]

1. e4 e6 2. d4 d5 3. Nc3 Bb4 4. e5 Qd7 5. Qg4 f5 6. Qg3 b6 7. a3 Bxc3+ 8. bxc3
Ba6 9. Bxa6 Nxa6 10. Ne2 Nb8 11. Nf4 Kf7 12. Qf3 Ne7 13. a4 Nbc6 14. Ba3 Na5
15. Qh5+ g6 16. Qg5 Ng8 17. h4 Qd8 18. Qg3 Nc4 19. Bc1 Ne7 20. h5 gxh5 21. Rxh5
Qg8 22. Qh4 Qg7 23. Rh6 Ng6 24. Qg5 Nxf4 25. Rf6+ Kg8 26. Qxg7+ Kxg7 27. Bxf4
Rhe8 28. O-O-O b5 29. a5 Rab8 30. Rh1 b4 31. Rfh6 Rh8 32. Bg5 bxc3 33. Bf6+ Kg8
34. Bxh8 Na3 35. Kd1 Rb1+ 36. Ke2 Rxh1 37. Rxh1 Kxh8 38. Kd3 Kg7 39. Kxc3  1-0

[Event "2. Bundesliga Ost 2018/2019"]
[Site "alle Wien"]
[Date "2018.11.04"]
[Round "4"]
[Board "3"]
[White "Vitouch, Anatol"]
[Black "Hofmann, Thomas"]
[Result "0-1"]
[WhiteElo "2319"]
[BlackElo "2262"]
[PlyCount "70"]
[EventDate "2018.10.06"]
[EventType "team"]
[EventRounds "11"]
[EventCountry "AUT"]
[WhiteTeam "ASVOE Pamhagen"]
[BlackTeam "SG Mistelbach/Altlichtenwarth"]

1. d4 Nf6 2. Bg5 c5 3. Bxf6 gxf6 4. d5 Qb6 5. Qc1 f5 6. e3 Bg7 7. c3 d6 8. Ne2
Nd7 9. Nf4 Nf6 10. Bc4 Bd7 11. Nd2 O-O-O 12. O-O Kb8 13. Qc2 Rhe8 14. a4 e5 15.
Ne2 Rg8 16. Ng3 f4 17. exf4 exf4 18. a5 Qc7 19. Nf5 Bf8 20. Rfe1 Qc8 21. Ne7
Bxe7 22. Rxe7 Rxg2+ 23. Kxg2 Bh3+ 24. Kh1 Rg8 25. Bf1 Bxf1 26. Nxf1 Qh3 27. Ng3
f3 28. Rg1 Ng4 29. Nf1 Rg7 30. Re8+ Kc7 31. Re7+ Kd8 32. Re1 Nxh2 33. Rg3 Rxg3
34. fxg3 Nxf1+ 35. Kg1 Nxg3  0-1

[Event "2. Bundesliga Ost 2018/2019"]
[Site "alle Wien"]
[Date "2018.11.04"]
[Round "4"]
[Board "4"]
[White "Groetz, Harald"]
[Black "Franzen, Jozef"]
[Result "1/2-1/2"]
[WhiteElo "2339"]
[BlackElo "2256"]
[PlyCount "105"]
[EventDate "2018.10.06"]
[EventType "team"]
[EventRounds "11"]
[EventCountry "AUT"]
[WhiteTeam "SG Mistelbach/Altlichtenwarth"]
[BlackTeam "ASVOE Pamhagen"]

1. Nf3 Nf6 2. b3 d6 3. d4 c5 4. d5 e6 5. dxe6 Bxe6 6. g3 d5 7. Bg2 Nc6 8. O-O
Be7 9. Bb2 O-O 10. Nbd2 Qc7 11. e3 Rad8 12. Qe2 Bf5 13. Rac1 Rfe8 14. a3 a6 15.
Rfd1 b5 16. h3 h6 17. Nh4 Bh7 18. Nf1 Ne4 19. Qh5 Bf6 20. Bxe4 Bxb2 21. Bxh7+
Kxh7 22. Rb1 Re5 23. Qe2 Bxa3 24. Ra1 Qa5 25. c4 d4 26. Qf3 Rd6 27. Qxf7 Rf6
28. Qd7 bxc4 29. bxc4 Qc3 30. Ng2 Bb4 31. Rac1 Qb2 32. Nf4 dxe3 33. Qd3+ Kg8
34. fxe3 Re8 35. Rc2 Qe5 36. Qd5+ Kh7 37. Qg2 a5 38. Rd5 Qe4 39. Nd3 Qxg2+ 40.
Kxg2 Ref8 41. Nh2 Ne7 42. Nxb4 axb4 43. Rxc5 Nf5 44. Re5 b3 45. Rb2 Ra6 46. Nf1
Ra1 47. Nd2 Ra2 48. Rxa2 bxa2 49. Nb3 Nd6 50. Ra5 Rb8 51. Na1 Nxc4 52. Rxa2
Nxe3+ 53. Kf3  1/2-1/2

[Event "2. Bundesliga Ost 2018/2019"]
[Site "alle Wien"]
[Date "2018.11.04"]
[Round "4"]
[Board "5"]
[White "Eder, Martin"]
[Black "Vrana, Frantisek"]
[Result "0-1"]
[WhiteElo "2131"]
[BlackElo "2252"]
[PlyCount "78"]
[EventDate "2018.10.06"]
[EventType "team"]
[EventRounds "11"]
[EventCountry "AUT"]
[WhiteTeam "ASVOE Pamhagen"]
[BlackTeam "SG Mistelbach/Altlichtenwarth"]

1. d4 Nf6 2. c4 d6 3. Nf3 Nbd7 4. Bf4 c5 5. e3 Qb6 6. Qc2 Nh5 7. Bg3 Nxg3 8.
hxg3 g6 9. Nc3 Nf6 10. Bd3 Bg4 11. d5 Bg7 12. Nd2 a6 13. f3 Bd7 14. Kf2 h5 15.
Rab1 Qa5 16. Ne2 b5 17. b3 b4 18. Ne4 Nxe4+ 19. Bxe4 O-O-O 20. Nf4 Kc7 21. Bxg6
fxg6 22. Nxg6 Rh6 23. Nxe7 Rf8 24. e4 Bd4+ 25. Kf1 Kb8 26. Nf5 Bxf5 27. exf5
Qd8 28. Re1 Qg5 29. Rh3 Rxf5 30. Re4 Rhf6 31. Qd1 Re5 32. Qe1 Bc3 33. Rxe5 dxe5
34. Qd1 Qe3 35. Rxh5 Bd4 36. Qc2 Qg1+ 37. Ke2 Qxg2+ 38. Kd1 Qf1+ 39. Kd2 Bc3+
 0-1

[Event "2. Bundesliga Ost 2018/2019"]
[Site "alle Wien"]
[Date "2018.11.04"]
[Round "4"]
[Board "1"]
[White "Blohberger, Felix"]
[Black "Jovanovic, Dusan"]
[Result "1-0"]
[WhiteElo "2433"]
[BlackElo "2401"]
[PlyCount "53"]
[EventDate "2018.10.06"]
[EventType "team"]
[EventRounds "11"]
[EventCountry "AUT"]
[WhiteTeam "mpimmo Wien - SK Ottakring"]
[BlackTeam "SK Sparkasse Bad Voeslau"]

1. e4 c5 2. Nf3 e6 3. d4 cxd4 4. Nxd4 a6 5. c4 Nf6 6. Nc3 Qc7 7. Be2 b6 8. Qd3
Bb7 9. O-O d6 10. f4 Nbd7 11. b4 Be7 12. Be3 g6 13. Rac1 Rc8 14. g4 h5 15. g5
Ng4 16. Bd2 e5 17. Nd5 Qd8 18. h3 exd4 19. hxg4 hxg4 20. Qxd4 Rh3 21. Kg2 f5
22. Qg7 Nf8 23. exf5 gxf5 24. g6 Ne6 25. Qf7+ Kd7 26. Qxf5 Qh8 27. Qxe6+  1-0

[Event "2. Bundesliga Ost 2018/2019"]
[Site "alle Wien"]
[Date "2018.11.04"]
[Round "4"]
[Board "2"]
[White "Juhasz, Kristof"]
[Black "Beck, Hartmuth"]
[Result "1-0"]
[WhiteElo "2410"]
[BlackElo "2313"]
[PlyCount "89"]
[EventDate "2018.10.06"]
[EventType "team"]
[EventRounds "11"]
[EventCountry "AUT"]
[WhiteTeam "SK Sparkasse Bad Voeslau"]
[BlackTeam "mpimmo Wien - SK Ottakring"]

1. d4 c5 2. e3 Nf6 3. Nf3 cxd4 4. exd4 d5 5. Bd3 Nc6 6. c3 e6 7. O-O Be7 8. Bf4
Bd6 9. Ne5 Qc7 10. Re1 Nd7 11. Qg4 Bxe5 12. dxe5 g6 13. Qg3 h6 14. Na3 a6 15.
h4 b5 16. Rad1 Ne7 17. Nb1 Bb7 18. Nd2 Nc5 19. Bc2 O-O-O 20. Nb3 Na4 21. Bc1
Kb8 22. Nd4 Nc6 23. Nxc6+ Bxc6 24. b3 Nb6 25. Ba3 Ka8 26. Bd6 Qd7 27. Bc5 Qb7
28. Bd4 Nc8 29. Qf3 h5 30. a4 Qe7 31. Ra1 bxa4 32. bxa4 Qc7 33. Reb1 Rd7 34.
Rb2 Qa5 35. Rab1 Bb7 36. Bd3 Re8 37. Qe2 Na7 38. Rb4 Qd8 39. Bxa6 Bxa6 40. Qxa6
Qc8 41. Qa5 Qc7 42. Rb6 Rc8 43. Qb4 Qd8 44. a5 Rdc7 45. a6  1-0

[Event "2. Bundesliga Ost 2018/2019"]
[Site "alle Wien"]
[Date "2018.11.04"]
[Round "4"]
[Board "3"]
[White "Steiner, Adam"]
[Black "Juhasz, Armin"]
[Result "0-1"]
[WhiteElo "2219"]
[BlackElo "2365"]
[PlyCount "74"]
[EventDate "2018.10.06"]
[EventType "team"]
[EventRounds "11"]
[EventCountry "AUT"]
[WhiteTeam "mpimmo Wien - SK Ottakring"]
[BlackTeam "SK Sparkasse Bad Voeslau"]

1. e4 c6 2. d4 d5 3. exd5 cxd5 4. c4 Nf6 5. Nc3 e6 6. Nf3 Be7 7. cxd5 Nxd5 8.
Bd3 O-O 9. O-O Nc6 10. a3 Nf6 11. Bc2 b6 12. Qd3 Bb7 13. Bg5 g6 14. Rad1 Rc8
15. Rfe1 Nd5 16. Bh6 Re8 17. Ne4 Ncb4 18. axb4 Nxb4 19. Qd2 Nxc2 20. Nfg5 Nxe1
21. Rxe1 Qd5 22. Qf4 Qf5 23. Qe3 Bxg5 24. Nxg5 f6 25. Nf3 Bxf3 26. gxf3 g5 27.
h4 gxh4 28. Kh2 Kh8 29. d5 Qxd5 30. Bg7+ Kxg7 31. Rg1+ Kf7 32. Qh6 Ke7 33.
Qxh7+ Kd8 34. Qb1 Kc7 35. Rd1 Qe5+ 36. Kh1 Kb8 37. Rd7 Rc7  0-1

[Event "2. Bundesliga Ost 2018/2019"]
[Site "alle Wien"]
[Date "2018.11.04"]
[Round "4"]
[Board "4"]
[White "Wilke, Werner"]
[Black "Steindl, Johannes"]
[Result "1-0"]
[WhiteElo "2223"]
[BlackElo "2215"]
[PlyCount "65"]
[EventDate "2018.10.06"]
[EventType "team"]
[EventRounds "11"]
[EventCountry "AUT"]
[WhiteTeam "SK Sparkasse Bad Voeslau"]
[BlackTeam "mpimmo Wien - SK Ottakring"]

1. e4 e5 2. Nf3 Nc6 3. Bc4 Bc5 4. O-O Nf6 5. d4 Bxd4 6. Nxd4 Nxd4 7. f4 d6 8.
fxe5 dxe5 9. Bg5 Be6 10. Na3 Qe7 11. c3 Bxc4 12. Bxf6 gxf6 13. Nxc4 Ne6 14. Kh1
Qc5 15. Qb3 O-O-O 16. Rxf6 Rhg8 17. Re1 Nf4 18. Ne3 Nd3 19. Re2 Nf4 20. Re1 Nd3
21. Re2 Nc1 22. Qc2 Nxe2 23. Qxe2 Rd7 24. Nd5 c6 25. b4 Qf8 26. Ne3 Qd8 27. Qf3
Rg6 28. Rxf7 Rxf7 29. Qxf7 Qd7 30. Qf8+ Kc7 31. h3 Rg7 32. Qc5 Qe7 33. Nd5+  1-0

[Event "2. Bundesliga Ost 2018/2019"]
[Site "alle Wien"]
[Date "2018.11.04"]
[Round "4"]
[Board "5"]
[White "Srienz, Christian"]
[Black "Miazhynski, Yuri"]
[Result "1/2-1/2"]
[WhiteElo "2173"]
[BlackElo "2151"]
[PlyCount "68"]
[EventDate "2018.10.06"]
[EventType "team"]
[EventRounds "11"]
[EventCountry "AUT"]
[WhiteTeam "mpimmo Wien - SK Ottakring"]
[BlackTeam "SK Sparkasse Bad Voeslau"]

1. c4 e5 2. g3 Nf6 3. Bg2 d5 4. cxd5 Nxd5 5. Nc3 Nb6 6. Nf3 Nc6 7. O-O g6 8. d3
Bg7 9. Be3 O-O 10. a4 a5 11. Nb5 Nd5 12. Bd2 h6 13. Rc1 Be6 14. Rc5 Qd7 15. Qc1
Kh7 16. h4 Rac8 17. Rd1 Nde7 18. Qa1 b6 19. Rcc1 Nd4 20. Nfxd4 exd4 21. Na7
Rce8 22. Nc6 Nd5 23. Re1 Bh3 24. Qa2 Be6 25. Qb1 f5 26. f4 Ne7 27. Qc2 Bd5 28.
Nxe7 Rxe7 29. Bxd5 Qxd5 30. Qc6 Qxc6 31. Rxc6 Rf6 32. Rxf6 Bxf6 33. Kf2 c5 34.
b3 h5  1/2-1/2

[Event "2. Bundesliga Ost 2018/2019"]
[Site "alle Wien"]
[Date "2018.11.04"]
[Round "4"]
[Board "6"]
[White "Steiner, Bruno"]
[Black "Peyrer, Konstantin"]
[Result "0-1"]
[WhiteElo "2075"]
[BlackElo "2149"]
[PlyCount "70"]
[EventDate "2018.10.06"]
[EventType "team"]
[EventRounds "11"]
[EventCountry "AUT"]
[WhiteTeam "SK Sparkasse Bad Voeslau"]
[BlackTeam "mpimmo Wien - SK Ottakring"]

1. d4 Nf6 2. Nf3 e6 3. e3 b6 4. b3 Bb7 5. Bd3 a5 6. a3 a4 7. b4 c5 8. bxc5 bxc5
9. O-O Be7 10. Re1 O-O 11. c4 Ne4 12. Qc2 f5 13. Nfd2 cxd4 14. Nxe4 fxe4 15.
Bxe4 Bxe4 16. Qxe4 Nc6 17. exd4 Nxd4 18. Be3 d5 19. cxd5 exd5 20. Qd3 Nb3 21.
Ra2 d4 22. Bd2 Rc8 23. Qb5 Qe8 24. Qd5+ Qf7 25. Qxf7+ Rxf7 26. Bb4 Bxb4 27.
axb4 Re7 28. Rf1 Rc1 29. f3 Ree1 30. Nd2 d3 31. Rxa4 Nxd2 32. Rxe1 Rxe1+ 33.
Kf2 Re2+ 34. Kg3 Nf1+ 35. Kf4 d2  0-1

[Event "2. Bundesliga Ost 2018/2019"]
[Site "alle Wien"]
[Date "2018.11.04"]
[Round "4"]
[Board "1"]
[White "Baumegger, Siegfried"]
[Black "Schwarz, Dusan"]
[Result "0-1"]
[WhiteElo "2446"]
[BlackElo "2293"]
[PlyCount "56"]
[EventDate "2018.10.06"]
[EventType "team"]
[EventRounds "11"]
[EventCountry "AUT"]
[WhiteTeam "tschaturanga"]
[BlackTeam "Wiener Amateurschachklub"]

1. e4 c5 2. Nf3 d6 3. Bb5+ Nc6 4. O-O Bd7 5. Re1 Nf6 6. c3 a6 7. Bf1 e5 8. h3
g5 9. Nxg5 Rg8 10. d4 h6 11. Nf3 Bxh3 12. dxe5 dxe5 13. Qxd8+ Rxd8 14. Nbd2 Bg4
15. Nh4 h5 16. Nc4 Be6 17. Nf3 Ng4 18. Ng5 Bc8 19. a4 Be7 20. Nf3 h4 21. Nb6
Be6 22. Bc4 Na5 23. Bxe6 fxe6 24. Nd2 h3 25. f3 Bh4 26. Re2 Nf2 27. g4 Nd3 28.
Nbc4 Nf4  0-1

[Event "2. Bundesliga Ost 2018/2019"]
[Site "alle Wien"]
[Date "2018.11.04"]
[Round "4"]
[Board "2"]
[White "Danada, Tomas"]
[Black "Sadilek, Peter"]
[Result "1-0"]
[WhiteElo "2250"]
[BlackElo "2291"]
[PlyCount "57"]
[EventDate "2018.10.06"]
[EventType "team"]
[EventRounds "11"]
[EventCountry "AUT"]
[WhiteTeam "Wiener Amateurschachklub"]
[BlackTeam "tschaturanga"]

1. d4 Nf6 2. c4 e6 3. Nc3 Bb4 4. e3 O-O 5. Bd2 b6 6. Nf3 Bb7 7. a3 Bxc3 8. Bxc3
d6 9. Rc1 Nbd7 10. Be2 Ne4 11. O-O f5 12. Be1 Rf6 13. Nd2 Nxd2 14. Qxd2 Bxg2
15. Kxg2 Rg6+ 16. Kh1 Qg5 17. Bf3 Rf8 18. Bc6 f4 19. exf4 Qh5 20. Rg1 Rxg1+ 21.
Kxg1 Qg4+ 22. Kh1 Nf6 23. f3 Qf5 24. Bg3 d5 25. Re1 Nh5 26. Kg2 Rf6 27. Re5 Qg6
28. Rg5 Qh6 29. cxd5  1-0

[Event "2. Bundesliga Ost 2018/2019"]
[Site "alle Wien"]
[Date "2018.11.04"]
[Round "4"]
[Board "3"]
[White "Sadilek, Maximilian"]
[Black "Karas, Marek"]
[Result "1/2-1/2"]
[WhiteElo "2245"]
[BlackElo "2250"]
[PlyCount "62"]
[EventDate "2018.10.06"]
[EventType "team"]
[EventRounds "11"]
[EventCountry "AUT"]
[WhiteTeam "tschaturanga"]
[BlackTeam "Wiener Amateurschachklub"]

1. d4 e6 2. Nf3 Nf6 3. Bf4 d5 4. e3 c5 5. Nbd2 Nc6 6. c3 cxd4 7. exd4 Nh5 8.
Bg5 f6 9. Be3 Bd6 10. g3 O-O 11. Nh4 g6 12. Be2 Ng7 13. Qc2 Bd7 14. Ndf3 Rc8
15. O-O Be8 16. a3 g5 17. Ng2 Bg6 18. Bd3 Qe8 19. h4 Bxd3 20. Qxd3 Qh5 21. Nh2
gxh4 22. Nxh4 Ne7 23. Kg2 Nef5 24. Nxf5 Qxf5 25. Qxf5 Nxf5 26. Rae1 Kf7 27. Rh1
Rh8 28. Nf3 b5 29. Bd2 a5 30. Rh3 Rce8 31. Reh1 Kg7  1/2-1/2

[Event "2. Bundesliga Ost 2018/2019"]
[Site "alle Wien"]
[Date "2018.11.04"]
[Round "4"]
[Board "4"]
[White "Frindt, Kornel"]
[Black "Rother, Moritz"]
[Result "1/2-1/2"]
[WhiteElo "2217"]
[BlackElo "2108"]
[PlyCount "85"]
[EventDate "2018.10.06"]
[EventType "team"]
[EventRounds "11"]
[EventCountry "AUT"]
[WhiteTeam "Wiener Amateurschachklub"]
[BlackTeam "tschaturanga"]

1. e4 c5 2. Nf3 d6 3. Bb5+ Bd7 4. Bxd7+ Qxd7 5. c4 Nf6 6. Nc3 g6 7. d4 cxd4 8.
Nxd4 Bg7 9. f3 O-O 10. Be3 Rc8 11. b3 e6 12. Rc1 d5 13. cxd5 exd5 14. Nxd5 Rxc1
15. Qxc1 Nxd5 16. exd5 Na6 17. O-O Nb4 18. Qd2 Nxd5 19. Bf2 Rd8 20. Ne2 Ne7 21.
Qxd7 Rxd7 22. Bxa7 Rd2 23. Re1 Rxa2 24. Bc5 Nc6 25. Nc1 Ra8 26. Kf2 Bf8 27. Be3
Nb4 28. Rd1 Nc2 29. Bf4 Bc5+ 30. Kg3 Nd4 31. Kh3 Ne6 32. Bh6 Bf8 33. Be3 Rc8
34. Rd3 b5 35. Kg3 Rc2 36. Rd5 Rc3 37. Bd2 Rc2 38. Be3 b4 39. h4 Bc5 40. Bd2
Kf8 41. Ne2 Ke7 42. Kh3 Rb2 43. Nc1  1/2-1/2

[Event "2. Bundesliga Ost 2018/2019"]
[Site "alle Wien"]
[Date "2018.11.04"]
[Round "4"]
[Board "5"]
[White "Devine, Christopher"]
[Black "Lipp, Alfred"]
[Result "1-0"]
[WhiteElo "2088"]
[BlackElo "1996"]
[PlyCount "69"]
[EventDate "2018.10.06"]
[EventType "team"]
[EventRounds "11"]
[EventCountry "AUT"]
[WhiteTeam "tschaturanga"]
[BlackTeam "Wiener Amateurschachklub"]

1. d4 d5 2. Nf3 Nf6 3. g3 e6 4. Bg2 Be7 5. O-O O-O 6. c4 dxc4 7. Nc3 Nc6 8. e3
Nd5 9. Qe2 Nb6 10. Rd1 Bd7 11. Ne4 Qc8 12. Bd2 Rd8 13. Bc3 a5 14. Ned2 Nd5 15.
Nxc4 Nxc3 16. bxc3 a4 17. Rab1 Ra7 18. e4 Re8 19. Qe3 Qa8 20. Qf4 Rc8 21. d5
Nd8 22. d6 cxd6 23. Nb6 e5 24. Qe3 Be6 25. Nxa8 Raxa8 26. a3 Ra6 27. Rb6 Rxb6
28. Qxb6 Rxc3 29. Qb5 Kf8 30. Qxa4 Bg4 31. Nxe5 Bxd1 32. Nd7+ Kg8 33. Qxd1 Rxa3
34. e5 Ra6 35. Bf1  1-0

[Event "2. Bundesliga Ost 2018/2019"]
[Site "alle Wien"]
[Date "2018.11.04"]
[Round "4"]
[Board "6"]
[White "Jirovec, Alfred"]
[Black "Riemelmoser, Stefan"]
[Result "1-0"]
[WhiteElo "1977"]
[BlackElo "2055"]
[PlyCount "65"]
[EventDate "2018.10.06"]
[EventType "team"]
[EventRounds "11"]
[EventCountry "AUT"]
[WhiteTeam "Wiener Amateurschachklub"]
[BlackTeam "tschaturanga"]

1. Nf3 d5 2. d4 e6 3. Bf4 Nf6 4. h3 c5 5. e3 Nc6 6. c3 Bd6 7. Bxd6 Qxd6 8. Nbd2
O-O 9. Bd3 c4 10. Bc2 b5 11. e4 Qe7 12. O-O a5 13. a3 Bd7 14. Re1 Rfb8 15. Ne5
Nxe5 16. dxe5 Nxe4 17. Nxe4 dxe4 18. Bxe4 Ra6 19. Qf3 Qc5 20. Rad1 Bc6 21. Rd4
Bxe4 22. Qxe4 Rc6 23. Red1 Rcc8 24. Kh1 b4 25. axb4 axb4 26. f4 g6 27. Qe1 bxc3
28. bxc3 Qa3 29. Qh4 Qxc3 30. f5 Re8 31. fxg6 hxg6 32. Qf6 Qc2 33. Rf1  1-0

[Event "2. Bundesliga Ost 2018/2019"]
[Site "alle Wien"]
[Date "2018.11.04"]
[Round "4"]
[Board "1"]
[White "Zilka, Stepan"]
[Black "Penz, Harald"]
[Result "1-0"]
[WhiteElo "2533"]
[BlackElo "2317"]
[PlyCount "69"]
[EventDate "2018.10.06"]
[EventType "team"]
[EventRounds "11"]
[EventCountry "AUT"]
[WhiteTeam "Blackburne Nickelsdorf"]
[BlackTeam "SK Hietzing"]

1. e4 e5 2. Nf3 Nf6 3. Nxe5 d6 4. Nf3 Nxe4 5. d4 d5 6. Bd3 Nc6 7. O-O Be7 8.
Nbd2 Nxd2 9. Bxd2 O-O 10. c3 Bg4 11. h3 Bxf3 12. Qxf3 Bd6 13. Rae1 Ne7 14. Re2
Qd7 15. Rfe1 c6 16. Qh5 g6 17. Qh4 f6 18. Re6 Rae8 19. Rxf6 Nf5 20. Bxf5 Rxe1+
21. Bxe1 gxf5 22. Qg5+ Kh8 23. Bd2 Rxf6 24. Qxf6+ Kg8 25. Qg5+ Kf7 26. Bf4 Bxf4
27. Qxf4 Ke8 28. Qe5+ Kf7 29. h4 Kg6 30. Kh2 h5 31. Qg3+ Kh7 32. Qg5 Qc7+ 33.
Kh3 Qf7 34. Kg3 Qc7+ 35. Kf3  1-0

[Event "2. Bundesliga Ost 2018/2019"]
[Site "alle Wien"]
[Date "2018.11.04"]
[Round "4"]
[Board "2"]
[White "Belke, Frank"]
[Black "Schwarhofer, Christopher"]
[Result "1/2-1/2"]
[WhiteElo "2300"]
[BlackElo "2379"]
[PlyCount "64"]
[EventDate "2018.10.06"]
[EventType "team"]
[EventRounds "11"]
[EventCountry "AUT"]
[WhiteTeam "SK Hietzing"]
[BlackTeam "Blackburne Nickelsdorf"]

1. d4 Nf6 2. c4 c5 3. Nf3 cxd4 4. Nxd4 e6 5. Nc3 a6 6. g3 Nc6 7. Bg2 Qc7 8. O-O
Be7 9. b3 O-O 10. Bb2 Rd8 11. e3 Rb8 12. Qe2 b6 13. Nxc6 dxc6 14. Ne4 e5 15.
Nxf6+ Bxf6 16. Rfd1 Be6 17. Rxd8+ Bxd8 18. Qf3 c5 19. Qe4 Bf6 20. f4 exf4 21.
Bxf6 gxf6 22. exf4 f5 23. Qe2 Rd8 24. Rd1 Rd4 25. Rxd4 cxd4 26. Qe5 Qxe5 27.
fxe5 f6 28. exf6 Kf7 29. Kf2 Kxf6 30. Ke2 Ke5 31. Kd3 a5 32. a3 Bf7  1/2-1/2

[Event "2. Bundesliga Ost 2018/2019"]
[Site "alle Wien"]
[Date "2018.11.04"]
[Round "4"]
[Board "3"]
[White "Pinter, Erik"]
[Black "Schroll, Gerhard"]
[Result "0-1"]
[WhiteElo "2360"]
[BlackElo "2304"]
[PlyCount "180"]
[EventDate "2018.10.06"]
[EventType "team"]
[EventRounds "11"]
[EventCountry "AUT"]
[WhiteTeam "Blackburne Nickelsdorf"]
[BlackTeam "SK Hietzing"]

1. e4 c6 2. d4 d5 3. e5 c5 4. Nf3 Bg4 5. c4 cxd4 6. cxd5 Qxd5 7. Nc3 Qa5 8.
Qxd4 Bxf3 9. gxf3 Nc6 10. Qe4 Qxe5 11. Qxe5 Nxe5 12. Nb5 Rd8 13. Be3 a6 14. f4
Nc6 15. Nc7+ Kd7 16. Bb6 e6 17. Nxa6 bxa6 18. O-O-O+ Bd6 19. Bxd8 Nxd8 20. Bxa6
Ne7 21. Kb1 Ndc6 22. Rhe1 Rb8 23. Bc4 g6 24. Re4 Nb4 25. a4 Ned5 26. f5 gxf5
27. Rh4 Ke7 28. Rxh7 Be5 29. Bb5 Rc8 30. Rc1 Rg8 31. Rh3 Rg2 32. Rf1 Bd4 33.
Rf3 Rxh2 34. a5 Rh8 35. Rd1 Ba7 36. Bc4 Rc8 37. Rc1 Ra8 38. Bxd5 Nxd5 39. Rc4
Kd7 40. Kc2 Bb8 41. Ra4 Bd6 42. Rb3 Kc6 43. Kd3 Bc5 44. Ke2 Ra6 45. Rb8 Bb4 46.
Kf3 Kc5 47. b3 Bc3 48. Rf8 Rxa5 49. Rxf7 Rb5 50. b4+ Bxb4 51. Ra6 Rb6 52. Rxb6
Nxb6 53. Rb7 Kc6 54. Ra7 Bc5 55. Ra1 Nd5 56. Ra8 Kd6 57. Rd8+ Ke5 58. Rc8 Bd4
59. Rc4 Nc3 60. Kg2 Ne4 61. f3 Nc3 62. Rb4 Nd5 63. Ra4 Bc3 64. Kg3 Bb4 65. Ra1
Kd4 66. Kf2 Bc3 67. Rd1+ Ke5 68. Kg3 Bd4 69. Rb1 Kf6 70. Kg2 Kg5 71. Rh1 Kf4
72. Rh4+ Ke3 73. Rh1 Ke2 74. Rh2 Bf2 75. Rh6 Nf4+ 76. Kh1 Kxf3 77. Rf6 Bg3 78.
Rf8 Bf2 79. Rf6 Bd4 80. Rf8 Ke4 81. Re8 e5 82. Rf8 Nd5 83. Kg2 f4 84. Rf7 Ke3
85. Kf1 f3 86. Rf8 e4 87. Ra8 Kd3 88. Rf8 Nf6 89. Ra8 e3 90. Ra3+ Bc3  0-1

[Event "2. Bundesliga Ost 2018/2019"]
[Site "alle Wien"]
[Date "2018.11.04"]
[Round "4"]
[Board "4"]
[White "Mozny, Milos"]
[Black "Vlcek, Stanislav"]
[Result "1/2-1/2"]
[WhiteElo "2283"]
[BlackElo "2284"]
[PlyCount "61"]
[EventDate "2018.10.06"]
[EventType "team"]
[EventRounds "11"]
[EventCountry "AUT"]
[WhiteTeam "SK Hietzing"]
[BlackTeam "Blackburne Nickelsdorf"]

1. d4 Nf6 2. Nf3 g6 3. g3 Bg7 4. Bg2 O-O 5. c4 c6 6. Nc3 d5 7. cxd5 cxd5 8. O-O
e6 9. Ne5 Nfd7 10. Nxd7 Bxd7 11. e3 Nc6 12. b3 Qa5 13. Bd2 Qa6 14. Qe2 Qxe2 15.
Nxe2 Rfc8 16. Nf4 Ne7 17. Rfc1 Bb5 18. Bf1 Bxf1 19. Kxf1 Bf8 20. Nd3 Rxc1+ 21.
Rxc1 Rc8 22. Bb4 Rxc1+ 23. Nxc1 Nc6 24. Bxf8 Kxf8 25. Nd3 Ke7 26. h4 a5 27. Ke2
Nb4 28. Nxb4 axb4 29. f3 f5 30. f4 h5 31. Kf3  1/2-1/2

[Event "2. Bundesliga Ost 2018/2019"]
[Site "alle Wien"]
[Date "2018.11.04"]
[Round "4"]
[Board "5"]
[White "Bachofner, Andreas"]
[Black "Djeno, Drago"]
[Result "1-0"]
[WhiteElo "2184"]
[BlackElo "2253"]
[PlyCount "85"]
[EventDate "2018.10.06"]
[EventType "team"]
[EventRounds "11"]
[EventCountry "AUT"]
[WhiteTeam "Blackburne Nickelsdorf"]
[BlackTeam "SK Hietzing"]

1. e4 c5 2. b3 Nc6 3. Bb2 d6 4. Bb5 Bd7 5. f4 Nf6 6. Nc3 a6 7. Bxc6 Bxc6 8. Qe2
e6 9. Nf3 b5 10. e5 Nh5 11. Qe3 d5 12. d4 g6 13. Ne2 Qa5+ 14. c3 b4 15. cxb4
cxb4 16. g4 Ng7 17. O-O h5 18. h3 hxg4 19. hxg4 Bb5 20. Rfc1 Bxe2 21. Qxe2 Be7
22. Kg2 Kd7 23. Qd2 Qb5 24. Rc2 Rac8 25. Rac1 Qb7 26. Kg3 Rxc2 27. Qxc2 Rc8 28.
Qh2 Rxc1 29. Bxc1 Qc8 30. Bd2 a5 31. Qh7 Bf8 32. Qg8 Ke8 33. Ng5 Qc7 34. Nh7
Qe7 35. Kh3 g5 36. fxg5 a4 37. bxa4 b3 38. axb3 Qa3 39. Qxf8+ Qxf8 40. Nxf8
Kxf8 41. a5 Ke7 42. a6 Ne8 43. Ba5  1-0

[Event "2. Bundesliga Ost 2018/2019"]
[Site "alle Wien"]
[Date "2018.11.04"]
[Round "4"]
[Board "6"]
[White "Todor, Razvan"]
[Black "Kuntner, Reinhard"]
[Result "1/2-1/2"]
[WhiteElo "2178"]
[BlackElo "2024"]
[PlyCount "31"]
[EventDate "2018.10.06"]
[EventType "team"]
[EventRounds "11"]
[EventCountry "AUT"]
[WhiteTeam "SK Hietzing"]
[BlackTeam "Blackburne Nickelsdorf"]

1. e4 Nf6 2. e5 Nd5 3. d4 d6 4. Nf3 Bg4 5. Be2 e6 6. O-O Be7 7. c4 Nb6 8. exd6
cxd6 9. Be3 O-O 10. Nc3 Nc6 11. d5 Bxf3 12. Bxf3 Ne5 13. b3 Nxf3+ 14. Qxf3 e5
15. Rad1 f5 16. c5  1/2-1/2

[Event "2. Bundesliga Ost 2018/2019"]
[Site "alle Wien"]
[Date "2018.11.04"]
[Round "4"]
[Board "1"]
[White "Hupfer, Robert"]
[Black "Mazur, Stefan"]
[Result "0-1"]
[WhiteElo "2136"]
[BlackElo "2407"]
[PlyCount "56"]
[EventDate "2018.10.06"]
[EventType "team"]
[EventRounds "11"]
[EventCountry "AUT"]
[WhiteTeam "DeLaVie Oberwart - www.trink-vitamine.at"]
[BlackTeam "SK Austria"]

1. d4 Nf6 2. c4 g6 3. Nc3 Bg7 4. e4 d6 5. f3 O-O 6. Be3 c5 7. Nge2 Nc6 8. d5
Ne5 9. Ng3 h5 10. Be2 h4 11. Nf1 e6 12. h3 exd5 13. cxd5 Qa5 14. Qc2 b5 15. Nd2
b4 16. Nd1 Ba6 17. Bxa6 Qxa6 18. Nf2 Nh5 19. Nf1 Ng3 20. Rg1 b3 21. Qd1 bxa2
22. Bc1 Rab8 23. Ne3 Rfe8 24. Qc2 Rb4 25. Ned1 Rc4 26. Nc3 Rxc3 27. bxc3 Nxf3+
28. Kd1 Nxg1  0-1